Statistics for Ultimate Flags Quiz #1 - United Kingdom

Click here to take the quiz!

General Stats

  • This quiz has been taken 16 times
  • The average score is 33 of 122

Answer Stats

Answer% Correct
Wales
92%
Scotland
67%
Bermuda
58%
England
58%
Isle of Man
58%
Jersey
58%
Northern Ireland
58%
United Kingdom
58%
Anguilla
50%
Ascension Island
50%
British Indian Ocean Territory
50%
Buckinghamshire
50%
Cayman Islands
50%
Falkland Islands
50%
Gibraltar
50%
Guernsey
50%
Orkney Islands
50%
Pitcairn Islands
50%
Saint Helena
50%
Staffordshire
50%
Tristan da Cunha
50%
Turks and Caicos Islands
50%
British Antarctic Territory
42%
Cornwall
42%
Herm
42%
Montserrat
42%
South Georgia and the South Sandwich Islands
42%
Yorkshire
42%
Alderney
33%
Berkshire
33%
City of London
33%
Devon
33%
Dorset
33%
Edinburgh
33%
Isle of Wight
33%
Lancashire
33%
Leicestershire
33%
Norfolk
33%
Northamptonshire
33%
Northumberland
33%
Shetland Islands
33%
Somerset
33%
South Riding of Yorkshire
33%
Wiltshire
33%
Bedfordshire
25%
Bexhill-on-Sea
25%
Birmingham
25%
Cheshire
25%
County Durham
25%
Derbyshire
25%
East Riding of Yorkshire
25%
Essex
25%
Gloucestershire
25%
Greater Manchester
25%
Hampshire
25%
Herefordshire
25%
Hertfordshire
25%
Huntingdonshire
25%
Kent
25%
Lincolnshire
25%
Merseyside
25%
Northumbria
25%
Nottinghamshire
25%
Rutland
25%
Sark
25%
Shropshire
25%
Suffolk
25%
Surrey
25%
Warwickshire
25%
Wessex
25%
Worcester
25%
Anglesey
17%
Appleby-in-Westmorland
17%
Cardiff
17%
Cumberland
17%
Durham
17%
East Anglia
17%
East Sussex
17%
Glamorgan
17%
Isle of Barra
17%
Isle of Purbeck
17%
Isles of Scilly
17%
Kirkcudbrightshire
17%
Mercia
17%
Middlesex
17%
Plymouth
17%
Portsmouth
17%
South Uist
17%
Tyne and Wear
17%
West Midlands
17%
West Riding of Yorkshire
17%
West Sussex
17%
York
17%
Aberdeen
8%
Aberdeenshire
8%
Angus
8%
Belfast
8%
Brecon
8%
British Empire
8%
British Royal Air Force
8%
British Royal Army
8%
British Royal Navy
8%
Caernarfonshire
8%
Caithness
8%
Cambridgeshire
8%
Ceredigion
8%
Company of Scotland
8%
Cumbria
8%
East Lothian
8%
Flintshire
8%
Isle of Skye
8%
Kingdom of Deheubarth
8%
Kingdom of England
8%
Kingdom of Scotland
8%
Lincoln
8%
Merionethshire
8%
Monmouthshire
8%
Outer Hebrides
8%
Pembrokeshire
8%
Sutherland
8%
The Protectorate
8%
Westmorland
8%

Score Distribution

Percentile by Number Answered

Percent of People with Each Score

Your Score History

You have not taken this quiz